Регионална библиотека "Любен Каравелов" - Русе

Годишник на математическа гимназия Баба Тонка (Запис номер 447395)

MARC детайли
000 -Лидер
Контролно поле с фиксирана дължина 00789nam a2200241 a 4500
003 - Код на организацията, давaща контролен номер
Контролно поле BLK
005 - Дата и час на последна редакция
Контролно поле 20230628135849.0
008 - Елементи от данни с фиксирана дължина
fixed length control field 220307b bu |||||r|||| 00| | bu d
040 ## - Източник на каталожния запис
Идентификатор на билиотеката - собственик на записа BLK
041 ## - Код за език
Код за езика на текст/звукозапис или на отделно заглавие Български
Код за езика КДБФ Български
080 ## - УДК
Текстов определител УДК Средни училища
УДК код - определител по УДК 373.5
УДК определител (497.215)(062)
УДК - код + определител 373.5(497.215)(062)
139 ## - Редно поле
Авторски знак Годиш - Г 62
245 ## - Сведения за заглавието
Заглавие Годишник на математическа гимназия Баба Тонка
Подзаглавни данни за учебната 1993-1994 г.
Физически носител (вид на носителя) [Малотир. изд.]
260 ## - Област на издателските данни
9 (RLIN) 441842
Място на издаване, разпространение и проч. Русе
Име на издателя, разпространителя и проч. б. и.
Година на издаване 1994
300 ## - Физическа характеристика
Страници 48 с.
Размери/Мащаб 21 см
380 ## - Жанр
Жанр Обществени науки
653 #7 - Ключова дума – ненормативна
9 (RLIN) 197223
Ключова дума средни училища
653 #7 - Ключова дума – ненормативна
9 (RLIN) 197136
Ключова дума списъци
852 ## - Местоположение
Фондова буква Краезнание
Систематично-азбучна сигнатура К 373.5/Г 62
999 ## - СИСТЕМНИ КОНТРОЛНИ НОМЕРА
Koha biblionumber 447395
Koha biblioitemnumber 447395
942 ## - АРТИКУЛИ
Вид на библиотечния материал Книги
Скрит в OPAC Не
Периодичен библиозапис Да
Koha issues (borrowed), all copies 1
944 ## - СЪЗДАВАНЕ И РЕДАКЦИЯ на ЗАПИСА
Създаване/Редакция Създаване
Дата на регистрацията/редакция 2022-03-07
Служител, извършил регистрацията/редакцията ВП
999 ## - СИСТЕМНИ КОНТРОЛНИ НОМЕРА
Koha biblioitemnumber 447395
Наличности
Код за отписване Код за изгубен артикул Източник на класификационната схема Код за повреда Коз за рестрикции Код за отдаване Артикулен № Име на библиотеката - собственик Име на библиотеката, в която се намира в момента Статус (Текущо местоположение) Дата на вписване в системата Местоположение - отдел Цена в лева Систематично азбучна сигнатура Баркод Цена в евро Служебен тип на артикула
  Не е изгубен Universal Decimal Classification Не е повреден само за читалня ползва се в читалня 875172 Регионална библиотека "Любен Каравелов" Русе Регионална библиотека "Любен Каравелов" Русе Краезнание 2022-03-14 Краезнание 1.00 К 373.5/Г 62 120000868101 0.51 Книги
Vip Innovations Ltd, Rousse, Bulgaria 2025